000 00637nam a2200181Ia 4500
008 151018s9999 xx 000 0 und d
082 _bRBASDV40815
_a340
100 _aअभया शेलकर
245 _aग्राहक संरक्षण अधिनियम
250 _b1
260 _bनाशिक लॉ हाऊस
_c2006
300 _a110
600 _aअभया शेलकर
630 _aग्राहक संरक्षण अधिनियम
700 _aअभया शेलकर
730 _aग्राहक संरक्षण अधिनियम
942 _cBOOK
999 _c1040089
_d1040086